000 01512cai a22002295a 4500
001 L141044
008 061215n2007 xxkad f s 000 0 eng d
035 _a(Sirsi) u141044
041 0 _aeng
050 0 4 _a333.33 $2 18
110 1 _aCushman and Wakefield
_9244
245 0 0 _aEuropean cities monitor 2007
_h[electronic resource]
260 _aLondon
_bCushman and Wakefield
_c2007
490 0 _aCushman and Wakefield European Cities Monitor
_v2007
520 _aSurveys senior executives from 500 European companies on Europe's key business cities. Reports that London is the leading city for business, closely followed by Paris. Identifies four key factors in deciding were to locate are: availability of qualified staff; easy access to markets; customers; clients. Finds the largest factor expected to impact on business over next ten years is business opportunities in Asia, especially China, followed by enlargement of the EU. More than a fifth (22%) of companies surveyed had relocated or outsourced operations to another country in the last 12 months, continuing the annual rising trend found in past surveys. The new EU members continue to be the most favoured destinations.
590 _aKA
650 2 4 _aCUSHMAN AND WAKEFIELD EUROPEAN CITIES MONITOR
651 4 _aEurope
690 _aPROPERTY-COMMERCIAL PROPERTY-COMMERCIAL PROPERTY MARKET
856 4 0 _uhttps://www.cushmanwakefield.com/
_zView this item free of charge under research publication at www.cushmanwakefield.com/...
942 _n0
999 _c107602
_d107602